000
00279nam a2200121Ia 4500
008
190216s9999||||xx |||||||||||||| ||und||
100
_a
Sudhakar Sharma
245
0
_a
Hindi-Goy Agoy
260
_b
Krishna Publishing House
_c
2008
300
_a
116
650
_a
Hindi
942
_c
BK
999
_c
16520
_d
16520